| 000 | 00684nam a22002417a 4500 | ||
|---|---|---|---|
| 003 | DO-SdBNP | ||
| 005 | 20180213152021.0 | ||
| 008 | 160718 1995 sp a spa d | ||
| 020 | _a8420765414 | ||
| 040 |
_aBPMSU _bspa _cBPMSU |
||
| 092 |
_axxxxx _bxxxxx |
||
| 100 | 1 | _aCano, Carles | |
| 245 | 1 | 4 |
_aLos viajes de Pericot / _cCarles Cano ; ilustraciones Paco Giménez |
| 260 |
_aMadrid : _bGrupo Anaya, _c1995. |
||
| 300 |
_a68 p. : _bil. ; _c19 cm. |
||
| 490 | 0 |
_aEl duende verde _v78 |
|
| 521 | _aA partir de 10 años. | ||
| 700 | 1 | 2 |
_aGiménez, Paco _eil. |
| 830 | 0 |
_aEl duende verde _n78 |
|
| 942 |
_2ddc _cBK |
||
| 945 | _aInventariado, 2018/ YL | ||
| 956 |
_aYLOCKWARD _b10 _cBPMSU |
||
| 999 |
_c12480 _d12480 |
||